| Record ID | ia:assignmenteterni00coxg_0 |
| Source | Internet Archive |
| Download MARC XML | https://archive.org/download/assignmenteterni00coxg_0/assignmenteterni00coxg_0_marc.xml |
| Download MARC binary | https://www.archive.org/download/assignmenteterni00coxg_0/assignmenteterni00coxg_0_meta.mrc |
LEADER: 00936cam 22002773a 4500
001 2002554699
003 DLC
005 20030306201945.0
008 971217s1997 nyu 000 1 eng d
010 $a 2002554699
020 $a0671001175 (pbk.) :$c$5.99 ($7.99 Can.)
035 $a(OCoLC)ocm38100523
040 $aJED$cJED$dSVP$dSLC$dOCL$dDLC
042 $alccopycat
050 00 $aCPB Box no. 1892 vol. 13
100 1 $aCox, Greg,$d1959-
245 10 $aAssignment, Eternity /$cGreg Cox.
260 $aNew York :$bPocket Books,$c1998 [i.e. 1997].
300 $a278 p. ;$c18 cm.
440 0 $aStar trek ;$v#84
650 0 $aKirk, James T. (Fictitious character)$vFiction.
650 0 $aSpock (Fictitious character)$vFiction.
650 0 $aMcCoy, Leonard (Fictitious character)$vFiction.
655 7 $aScience fiction.$2gsafd
710 2 $aCopyright Paperback Collection (Library of Congress)$5DLC
730 0 $aStar trek (Television program)